[Event "CMB Breizh Masters Féminins 2010"]
[Site "Guingamp-Pabu (FRANCE)"]
[Date "2010.02.24"]
[Round "6"]
[White "Esposito, Marie-Christine"]
[Black "Fruteau, Sabine"]
[Result "1/2-1/2"]
[WhiteElo "2113"]
[BlackElo "2131"]
[PlyCount "101"]

1. d4 e6 2. Nf3 c5 3. c3 d5 4. Bf4 Nc6 5. e3 Bd6 6. Bg3 Nf6 7. Nbd2 O-O 8. Bd3
cxd4 9. exd4 e5 10. dxe5 Re8 11. O-O Nxe5 12. Nxe5 Bxe5 13. Re1 Bxg3 14. hxg3
Rxe1+ 15. Qxe1 Qb6 16. Nb3 Bd7 17. Qd2 Re8 18. Re1 Rxe1+ 19. Qxe1 a5 20. Qd2 g6
21. Nd4 a4 22. Qc2 Qc5 23. Kf1 Ng4 24. Be2 Ne5 25. b3 axb3 26. Qxb3 b6 27. Qb4
Kf8 28. a3 Ke7 29. Bb5 Bxb5+ 30. Nxb5 Nc4 31. a4 Kd7 32. Ke2 Qxb4 33. cxb4 Nb2
34. Nc3 d4 35. Nb5 d3+ 36. Kd2 Nxa4 37. Kxd3 Nb2+ 38. Kd4 Nd1 39. f3 f6 40. Na3
Nb2 41. Nc2 Kc6 42. Ne3 f5 43. f4 b5 44. g4 fxg4 45. Nxg4 Kd6 46. Ne3 Na4 47.
Nd5 h6 48. g3 h5 49. Ke4 Nb2 50. Nc3 Kc6 51. Nd5 1/2-1/2

[Event "CMB Breizh Masters Féminins 2010"]
[Site "Guingamp-Pabu (FRANCE)"]
[Date "2010.02.24"]
[Round "6"]
[White "Piankov, Evgenij"]
[Black "Lefevre, Margaux"]
[Result "1-0"]
[WhiteElo "2343"]
[BlackElo "2036"]
[PlyCount "69"]

1. d4 Nf6 2. Nf3 c5 3. c3 g6 4. Bg5 Bg7 5. Nbd2 d5 6. e3 b6 7. Be2 O-O 8. Ne5
Bb7 9. O-O Nbd7 10. f4 cxd4 11. exd4 Ne4 12. Nxe4 dxe4 13. Bc4 Nf6 14. f5 Bd5
15. Qb3 Bxc4 16. Qxc4 Rc8 17. Qb3 Nd5 18. Ng4 f6 19. Bd2 Kh8 20. Ne3 Nxe3 21.
Bxe3 gxf5 22. Qe6 Qe8 23. Rxf5 Rc6 24. Qxe4 e6 25. Rff1 f5 26. Qf3 Rg8 27. Bf4
Rc8 28. Rae1 Qg6 29. Re2 Rce8 30. Rfe1 h6 31. Be5 Kh7 32. Bxg7 Rxg7 33. Re5
Rge7 34. d5 Qf7 35. Qe3 1-0

[Event "CMB Breizh Masters Féminins 2010"]
[Site "Guingamp-Pabu (FRANCE)"]
[Date "2010.02.25"]
[Round "7"]
[White "Le Diouron, Aurelie"]
[Black "Genova, Lyubka"]
[Result "0-1"]
[WhiteElo "1980"]
[BlackElo "2260"]
[PlyCount "71"]

1. d4 Nf6 2. c4 e6 3. Nf3 b6 4. Bg5 Bb7 5. Nc3 Bb4 6. e3 h6 7. Bh4 Bxc3+ 8.
bxc3 d6 9. Bd3 Nbd7 10. O-O Qe7 11. Nd2 g5 12. Bg3 O-O-O 13. a4 a5 14. e4 e5
15. Qe2 c5 16. Rfe1 Rdg8 17. Nf1 h5 18. f3 h4 19. Bf2 g4 20. fxg4 Nxg4 21. Ne3
Nxe3 22. Bxe3 f5 23. d5 f4 24. Bf2 Qg5 25. Qf3 Nf6 26. h3 Kc7 27. Bf1 Bc8 28.
Rab1 Bd7 29. Kh1 Bxa4 30. Qe2 Rb8 31. Qa2 Bd7 32. Qe2 Rhg8 33. Rec1 Be8 34. Qe1
f3 35. gxf3 Bh5 36. Bxh4 0-1

[Event "CMB Breizh Masters Féminins 2010"]
[Site "Guingamp-Pabu (FRANCE)"]
[Date "2010.02.25"]
[Round "7"]
[White "Lefevre, Margaux"]
[Black "Brunello, Roberta"]
[Result "1-0"]
[WhiteElo "2036"]
[BlackElo "2043"]
[PlyCount "107"]

1. e4 e5 2. Nf3 Nc6 3. d4 exd4 4. Nxd4 Bc5 5. Be3 Qf6 6. c3 Nge7 7. Bc4 Ne5 8.
Be2 b6 9. O-O Bb7 10. Nd2 O-O 11. Nc2 Rad8 12. Bxc5 bxc5 13. f4 N5g6 14. e5 Qh4
15. Qe1 Qh6 16. g3 d6 17. exd6 cxd6 18. Bf3 Bxf3 19. Nxf3 Rfe8 20. Qf2 Qh3 21.
Rad1 Qe6 22. b3 c4 23. b4 Qf6 24. Qd4 Qxd4+ 25. Nfxd4 a6 26. Ne3 d5 27. Rfe1
Nf8 28. Nef5 Nxf5 29. Nxf5 Rxe1+ 30. Rxe1 Ne6 31. Rd1 d4 32. cxd4 g6 33. Ne7+
Kf8 34. Nc6 Rd6 35. d5 Nc7 36. Kf2 c3 37. a3 Nxd5 38. Ne5 Ke7 39. Rc1 f5 40.
Rc2 Nf6 41. Ke2 Ne4 42. Nc4 Rd7 43. Ne3 Ke6 44. Nd1 Rc7 45. Kd3 Rd7+ 46. Ke2
Rxd1 47. Kxd1 Kd5 48. Re2 Kc4 49. Kc2 Nd6 50. Re6 Nb5 51. Rc6+ Kd4 52. Rxa6 Kc4
53. Rc6+ Kd4 54. a4 1-0

[Event "CMB Breizh Masters Féminins 2010"]
[Site "Guingamp-Pabu (FRANCE)"]
[Date "2010.02.25"]
[Round "7"]
[White "Fruteau, Sabine"]
[Black "Piankov, Evgenij"]
[Result "0-1"]
[WhiteElo "2131"]
[BlackElo "2343"]
[PlyCount "104"]

1. e4 c6 2. d4 d5 3. exd5 cxd5 4. c4 Nf6 5. Nc3 e6 6. Nf3 Be7 7. Bd3 Nc6 8. O-O
Nb4 9. Bb1 dxc4 10. a3 Nbd5 11. Qa4+ Bd7 12. Qxc4 Rc8 13. Qb3 Qb6 14. Qxb6 Nxb6
15. Ne5 O-O 16. Bg5 Rfd8 17. Nxd7 Rxd7 18. Ne2 h6 19. Bd2 Nc4 20. Bc1 Na5 21.
Ba2 Nc6 22. Be3 Ng4 23. Rac1 Bg5 24. Rc3 Rcd8 25. Bxg5 hxg5 26. Rc5 Nxd4 27.
Nxd4 Rxd4 28. Rxg5 Nf6 29. Bb1 Rd2 30. Rb5 b6 31. g3 Re2 32. h3 Rdd2 33. Rc1 g6
34. Rf1 Rxb2 35. Rxb2 Rxb2 36. Rd1 Kg7 37. a4 Nd5 38. Rc1 Rb4 39. a5 bxa5 40.
Bd3 a4 41. Ra1 Nb6 42. Bc2 Kf6 43. Kf1 Ke5 44. Ke1 Kd4 45. Kd1 Nc4 46. Kc1 a3
47. Bd1 Kc3 48. Be2 Ra4 49. Kb1 a2+ 50. Rxa2 Nd2+ 51. Ka1 Nb3+ 52. Kb1 Rxa2 0-1

[Event "CMB Breizh Masters Féminins 2010"]
[Site "Guingamp-Pabu (FRANCE)"]
[Date "2010.02.25"]
[Round "7"]
[White "Aflalo, Sophie"]
[Black "Esposito, Marie-Christine"]
[Result "1-0"]
[WhiteElo "2033"]
[BlackElo "2113"]
[PlyCount "57"]

1. e4 d6 2. Bc4 Nf6 3. d3 c6 4. Bb3 e5 5. f4 Be7 6. Nf3 Qc7 7. O-O Nbd7 8. a3
Nc5 9. Ba2 Bg4 10. Qe1 Bxf3 11. Rxf3 Ne6 12. Bxe6 fxe6 13. fxe5 dxe5 14. Kh1
O-O-O 15. Be3 Kb8 16. Nd2 Rdf8 17. b4 Nh5 18. Nc4 Rxf3 19. gxf3 Rf8 20. Qf2 b5
21. Na5 Nf4 22. Bxa7+ Ka8 23. Bb6 Qd7 24. a4 Bxb4 25. axb5 Bxa5 26. Rxa5+ Kb8
27. Ra7 Nxd3 28. cxd3 Qxd3 29. Ra8+ 1-0

[Event "CMB Breizh Masters Féminins 2010"]
[Site "Guingamp-Pabu (FRANCE)"]
[Date "2010.02.25"]
[Round "7"]
[White "De Rosa, Mariagrazia"]
[Black "Berthelot, Yannick"]
[Result "0-1"]
[WhiteElo "2089"]
[BlackElo "2296"]
[PlyCount "114"]

1. e4 c5 2. Nf3 Nc6 3. d4 cxd4 4. Nxd4 Nf6 5. Nc3 d6 6. Bg5 e6 7. Qd2 a6 8.
O-O-O Bd7 9. f4 b5 10. Nxc6 Bxc6 11. Bd3 Be7 12. e5 dxe5 13. fxe5 Nd7 14. Bf4
Qa5 15. Be4 Qc7 16. Rhe1 Nb6 17. Qe2 b4 18. Bxc6+ Qxc6 19. Ne4 Nd5 20. Qg4 Rc8
21. Rd2 Nxf4 22. Qxf4 O-O 23. Nf6+ Kh8 24. Re3 Qc4 25. Qxc4 Rxc4 26. Ne4 Rc7
27. Red3 h5 28. Kd1 Kh7 29. Rd7 Rfc8 30. R2d4 Kg6 31. Rxc7 Rxc7 32. Nd6 a5 33.
Kd2 Rc5 34. Nc4 Bd8 35. Kd3 Bc7 36. Ke4 f5+ 37. Kf4 h4 38. b3 Kh5 39. Rd7 g5+
40. Ke3 Bxe5 41. Nxe5 Rxe5+ 42. Kd3 Rc5 43. c4 bxc3 44. Kc2 e5 45. Rd3 e4 46.
Re3 Kg4 47. g3 hxg3 48. hxg3 f4 49. gxf4 Kxf4 50. Re1 g4 51. a3 g3 52. b4 axb4
53. axb4 Rc8 54. b5 g2 55. b6 Kf3 56. b7 Rb8 57. Kxc3 Rxb7 0-1

[Event "CMB Breizh Masters Féminins 2010"]
[Site "Guingamp-Pabu (FRANCE)"]
[Date "2010.02.26"]
[Round "8"]
[White "Genova, Lyubka"]
[Black "Berthelot, Yannick"]
[Result "0-1"]
[WhiteElo "2260"]
[BlackElo "2296"]
[PlyCount "92"]

1. e4 c5 2. b3 Nf6 3. e5 Nd5 4. Nf3 g6 5. Bb2 Bg7 6. d4 Qa5+ 7. Qd2 Qxd2+ 8.
Nbxd2 cxd4 9. Bxd4 Nc6 10. Bb2 d6 11. O-O-O dxe5 12. Nc4 Be6 13. Ncxe5 Nxe5 14.
Nxe5 O-O 15. Bc4 Rfd8 16. Rhe1 Nc7 17. Bd3 Bd5 18. g3 f6 19. c4 Bg2 20. Ng4 e5
21. f4 Bf3 22. Be2 Bxe2 23. Rxe2 h5 24. Nf2 exf4 25. gxf4 Bh6 26. Bxf6 Bxf4+
27. Kc2 Rxd1 28. Nxd1 Kf7 29. Bc3 g5 30. Nb2 Re8 31. Rf2 Kg6 32. Nd3 Ne6 33. b4
Rd8 34. c5 Kf5 35. Nxf4 gxf4 36. Bd2 Kg4 37. Kc3 f3 38. h3+ Kg3 39. Be1 Rd1 40.
Re2+ Rxe1 41. Rxe1 f2 42. Rd1 Kxh3 43. Kd3 Kg2 44. Ke2 Nf4+ 45. Ke3 Nd5+ 46.
Ke4 Ne3 0-1

[Event "CMB Breizh Masters Féminins 2010"]
[Site "Guingamp-Pabu (FRANCE)"]
[Date "2010.02.26"]
[Round "8"]
[White "Esposito, Marie-Christine"]
[Black "De Rosa, Mariagrazia"]
[Result "0-1"]
[WhiteElo "2113"]
[BlackElo "2089"]
[PlyCount "110"]
[EventDate "2010.??.??"]

1. d4 Nf6 2. Nf3 e6 3. Bf4 c5 4. c3 b6 5. e3 Ba6 6. Bxa6 Nxa6 7. Nbd2 Be7 8.
Ne5 O-O 9. O-O Nd5 10. Bg3 f6 11. Nec4 b5 12. e4 bxc4 13. exd5 f5 14. d6 Bg5
15. Be5 cxd4 16. Bxd4 Bxd2 17. Qxd2 f4 18. f3 Nb8 19. Qe2 Qc8 20. Rfd1 a5 21.
Bf2 Ra6 22. Rd4 Rc6 23. Rad1 Qa6 24. Bh4 Rf5 25. Be7 Rcc5 26. Re4 e5 27. Bd8
Nc6 28. Bc7 Kf7 29. Kf1 Qb5 30. Qc2 Ke6 31. a4 Qb3 32. Qxb3 cxb3 33. Bb6 Rd5
34. Rxd5 Kxd5 35. Bc7 Rf8 36. Ke2 Ra8 37. Kd3 Nd8 38. c4+ Ke6 39. Kc3 Nb7 40.
Re1 Nc5 41. Rd1 Nxa4+ 42. Kxb3 Nc5+ 43. Ka3 a4 44. Rd5 Nb3 45. Rb5 Nd4 46. Rb8
Nc2+ 47. Ka2 Rxb8 48. Bxb8 Ne3 49. c5 Nxg2 50. Ka3 Ne1 51. Kxa4 Nxf3 52. b4 Nd4
53. b5 f3 54. c6 f2 55. c7 f1=Q 0-1

[Event "CMB Breizh Masters Féminins 2010"]
[Site "Guingamp-Pabu (FRANCE)"]
[Date "2010.02.26"]
[Round "8"]
[White "Piankov, Evgenij"]
[Black "Aflalo, Sophie"]
[Result "1-0"]
[WhiteElo "2343"]
[BlackElo "2033"]
[PlyCount "85"]

1. d4 Nf6 2. Nf3 g6 3. Bg5 Bg7 4. Nbd2 O-O 5. e4 d6 6. Bc4 Nbd7 7. c3 Qe8 8. e5
dxe5 9. dxe5 Ng4 10. e6 Nde5 11. Nxe5 Nxe5 12. exf7+ Nxf7 13. O-O Kh8 14. Bh4
Nd6 15. Qe2 Nf5 16. Bg3 Qc6 17. Be5 Bf6 18. Rfe1 Rb8 19. Rad1 b5 20. Bd3 Nd6
21. Nb3 Bb7 22. f3 Rbe8 23. Qf2 Bc8 24. Bxf6+ exf6 25. Qxa7 Nc4 26. Qf2 Qa6 27.
a3 Nd6 28. Qc5 Be6 29. Nd4 Bc4 30. Bxc4 Nxc4 31. Ne6 Rg8 32. Nxc7 Rxe1+ 33.
Rxe1 Qc8 34. Qc6 Qf5 35. Qxb5 Ne5 36. Qd5 Qg5 37. Ne6 Qf4 38. Qe4 Qh6 39. Qf4
g5 40. Qf5 Nc4 41. b3 Nd6 42. Qd5 Qh4 43. g3 1-0

[Event "CMB Breizh Masters Féminins 2010"]
[Site "Guingamp-Pabu (FRANCE)"]
[Date "2010.02.26"]
[Round "8"]
[White "Brunello, Roberta"]
[Black "Fruteau, Sabine"]
[Result "0-1"]
[WhiteElo "2043"]
[BlackElo "2131"]
[PlyCount "70"]
[EventDate "2010.??.??"]

1. e4 e5 2. Nf3 Nc6 3. d4 exd4 4. Nxd4 Bc5 5. Be3 Qf6 6. c3 Qg6 7. Qe2 Nge7 8.
Nb5 Bxe3 9. Nxc7+ Kd8 10. Nxa8 Bf4 11. g3 Bb8 12. Bg2 Re8 13. O-O b6 14. Qb5
Bb7 15. Nxb6 axb6 16. Qxb6+ Kc8 17. Nd2 Bc7 18. Qb3 Ne5 19. Rad1 N7c6 20. c4
Ng4 21. c5 Nce5 22. h3 Nf6 23. f4 Nc6 24. e5 Nh5 25. g4 Na5 26. Bxb7+ Nxb7 27.
Kh1 Qc6+ 28. Kh2 Nxf4 29. Nf3 Rxe5 30. Rd2 Re3 31. Qxf7 Ne6+ 32. Kg1 Nbxc5 33.
Qe8+ Kb7 34. Nd4 Rg3+ 35. Kf2 Qg2+ 0-1

[Event "CMB Breizh Masters Féminins 2010"]
[Site "Guingamp-Pabu (FRANCE)"]
[Date "2010.02.26"]
[Round "8"]
[White "Le Diouron, Aurelie"]
[Black "Lefevre, Margaux"]
[Result "0-1"]
[WhiteElo "1980"]
[BlackElo "2036"]
[PlyCount "76"]
[EventDate "2010.??.??"]

1. d4 Nf6 2. c4 c5 3. d5 e6 4. f3 exd5 5. cxd5 d6 6. e4 g6 7. Nc3 Bg7 8. Bd3
O-O 9. Nge2 a6 10. a4 Nbd7 11. O-O Re8 12. Kh1 Rb8 13. Ng3 Ne5 14. Be2 h5 15.
Bg5 Qc7 16. f4 Nh7 17. Bh4 Ng4 18. Qd2 Bh6 19. h3 Ngf6 20. Bg5 Bg7 21. e5 dxe5
22. fxe5 Nxg5 23. d6 Qd8 24. exf6 Bxf6 25. Nd5 Nh7 26. Nxf6+ Nxf6 27. Qf4 Re6
28. Bc4 Rxd6 29. Ne4 Nxe4 30. Bxf7+ Kg7 31. Qxe4 Bf5 32. Qe5+ Kxf7 33. g4 hxg4
34. Rxf5+ gxf5 35. Qxf5+ Qf6 36. Qxg4 Rg8 37. Qc4+ Qe6 38. Rf1+ Ke8 0-1

[Event "CMB Breizh Masters Féminins 2010"]
[Site "Guingamp-Pabu (FRANCE)"]
[Date "2010.02.27"]
[Round "9"]
[White "Lefevre, Margaux"]
[Black "Genova, Lyubka"]
[Result "0-1"]
[WhiteElo "2036"]
[BlackElo "2260"]
[PlyCount "90"]

1. e4 c5 2. Nf3 e6 3. d4 cxd4 4. Nxd4 Nc6 5. Nb5 d6 6. Bf4 e5 7. Be3 a6 8. N5c3
Nf6 9. Bg5 Be7 10. Bxf6 Bxf6 11. Be2 Be6 12. O-O Nd4 13. Nd5 Bxd5 14. exd5 O-O
15. Bd3 Qb6 16. Nd2 Be7 17. c3 Nb5 18. Nc4 Qc5 19. Ne3 g6 20. Qg4 Rae8 21. h4
h5 22. Qh3 Kg7 23. Qg3 Bd8 24. Kh1 Kh7 25. Qf3 Kg7 26. Qg3 Nc7 27. Rad1 e4 28.
Be2 Kh7 29. Rd4 f5 30. Rc4 f4 31. Qh3 Qa5 32. Nc2 Qxd5 33. Rd4 Qe6 34. Qxe6
Rxe6 35. g3 d5 36. Nb4 Bf6 37. Nxd5 Bxd4 38. Nxc7 Rc6 39. Nd5 Be5 40. gxf4 Bxf4
41. Kg2 Bb8 42. Bd1 Ba7 43. Bc2 Re6 44. c4 Bd4 45. b3 Re5 0-1

[Event "CMB Breizh Masters Féminins 2010"]
[Site "Guingamp-Pabu (FRANCE)"]
[Date "2010.02.27"]
[Round "9"]
[White "Fruteau, Sabine"]
[Black "Le Diouron, Aurelie"]
[Result "0-1"]
[WhiteElo "2131"]
[BlackElo "1980"]
[PlyCount "70"]

1. e4 e5 2. Nf3 Nf6 3. Nxe5 d6 4. Nf3 Nxe4 5. d4 d5 6. Bd3 Nc6 7. O-O Be7 8. c3
Bg4 9. Re1 f5 10. Nbd2 O-O 11. Qc2 Kh8 12. b4 Bd6 13. b5 Nxd2 14. Nxd2 Ne7 15.
Nf1 Ng6 16. h3 Bh5 17. Bxf5 Nh4 18. Bg4 Bxg4 19. hxg4 Qd7 20. Qe2 Rae8 21. Be3
Rf4 22. f3 Rf6 23. Qf2 Ng6 24. g3 Qxb5 25. f4 Qd7 26. f5 Ne7 27. Bg5 Rf7 28.
Ne3 c6 29. Qh2 Ng8 30. Kg2 Nf6 31. Rh1 Rfe7 32. Rae1 Kg8 33. Kf3 Re4 34. Bf4
Bxf4 35. gxf4 Rxe3+ 0-1

[Event "CMB Breizh Masters Féminins 2010"]
[Site "Guingamp-Pabu (FRANCE)"]
[Date "2010.02.27"]
[Round "9"]
[White "Aflalo, Sophie"]
[Black "Brunello, Roberta"]
[Result "0-1"]
[WhiteElo "2033"]
[BlackElo "2043"]
[PlyCount "78"]

1. e4 e5 2. Nf3 Nc6 3. d4 exd4 4. Nxd4 Bc5 5. Be3 Qf6 6. c3 Nge7 7. Bc4 b6 8.
O-O O-O 9. f4 Bb7 10. e5 Qh6 11. Qe2 Bxd4 12. cxd4 Nf5 13. Qf2 Nce7 14. Nc3
Bxg2 15. Kxg2 Qc6+ 16. d5 Qxc4 17. Rad1 d6 18. Kh1 Rad8 19. Bc1 c6 20. Qf3 cxd5
21. b3 Qc6 22. Ba3 Nh4 23. Qd3 d4+ 24. Ne4 Nef5 25. Rg1 Rfe8 26. Rc1 Qb7 27. h3
dxe5 28. Kh2 exf4 29. Rce1 Kh8 30. Rg4 Ng6 31. h4 Ne3 32. Rxg6 hxg6 33. Rxe3
dxe3 34. Nd6 Rxd6 35. Bxd6 e2 36. Bb4 e1=Q 37. Bxe1 Rxe1 38. Qd8+ Kh7 39. h5
Rh1# 0-1

[Event "CMB Breizh Masters Féminins 2010"]
[Site "Guingamp-Pabu (FRANCE)"]
[Date "2010.02.27"]
[Round "9"]
[White "De Rosa, Mariagrazia"]
[Black "Piankov, Evgenij"]
[Result "1-0"]
[WhiteElo "2089"]
[BlackElo "2343"]
[PlyCount "45"]

1. e4 g6 2. d4 Bg7 3. Nc3 c6 4. f3 d5 5. Be3 dxe4 6. fxe4 Nf6 7. Nf3 O-O 8. Qd2
Ng4 9. Bg5 Qc7 10. O-O-O f6 11. Bc4+ Kh8 12. h3 Nf2 13. Qxf2 fxg5 14. e5 h6 15.
Qe3 b5 16. Bb3 Nd7 17. h4 g4 18. Ng5 Nb6 19. h5 gxh5 20. Nf7+ Rxf7 21. Bxf7 Bf5
22. Rxh5 e6 23. Rxh6+ 1-0